Turecké vzťahy s Ruskom a Iránom - spolupráca a(lebo) rivalita?

Charakter a obmedzenia vzájomných vzťahov Turecka s Ruskom a Iránom. Dopady zmien v turecko-rusko-iránskom triangli na regionálne vzťahy. Turecko a Irán v etape zložitého prekonávania dedičstva minulosti.

Saved in:
Bibliographic Details
Main Author: Čech, Ľubomír, 1955-
Format: Book Chapter
Language:Slovak
Subjects:
Tags: Add Tag
No Tags, Be the first to tag this record!

MARC

LEADER 00000nla a2200000 4500
001 0184445
005 20240502073148.8
041 0 |a slo 
044 |a SK 
245 1 0 |a Turecké vzťahy s Ruskom a Iránom - spolupráca a(lebo) rivalita?  |c Ľubomír Čech 
520 |a Charakter a obmedzenia vzájomných vzťahov Turecka s Ruskom a Iránom. Dopady zmien v turecko-rusko-iránskom triangli na regionálne vzťahy. Turecko a Irán v etape zložitého prekonávania dedičstva minulosti. 
610 2 0 |a politika medzinárodná 
610 2 0 |a politika zahraničná 
610 2 0 |a vzťahy medzinárodné 
610 2 0 |a vývoj 
610 2 0 |a regióny 
610 2 0 |a bezpečnosť 
610 2 0 |a islam 
610 2 0 |a Turecko 
610 2 0 |a Rusko 
610 2 0 |a Irán 
100 1 |a Čech, Ľubomír, 1955-